000 00509nam a2200169 i 4500
001 69987
003 ES-MaACL
005 20231227184717.0
007 t|
008 040714s1934 sp ||||1| spa d
100 1 _aGarcía Martí, Victoriano,
_d1881-1966
_954896
245 1 0 _aDe la zona atlántica
_b: (Galicia y Portugal) : ensayos /
_cVictoriano García Martí.
260 _a[Madrid :
_bs.n.,
_c1934] (
_fYagües)
300 _a204 p. ;
_c19 cm.
852 _aES-MaACL
_jB-8462
999 _c69987
_d69987